| 000 | 01472nam a22003617i 4500 | ||
|---|---|---|---|
| 999 |
_c200429552 _d47476 |
||
| 001 | 200429552 | ||
| 003 | TR-AnTOB | ||
| 005 | 20240314150643.0 | ||
| 006 | a|||||r|||| 00| 0 | ||
| 007 | ta | ||
| 008 | 180509n xxu||||g gl|| 00| 0 tur d | ||
| 020 | _a9786055868819 | ||
| 020 | _a6055868814 | ||
| 040 |
_aTR-AnTOB _beng _erda _cTR-AnTOB |
||
| 041 | 0 | _atur | |
| 050 | 0 | 0 |
_aKKX2064.51982 _b.T875 2010 |
| 090 |
_aKKX2064.51982 _b.T875 2010 |
||
| 245 | 0 | 0 |
_aAnayasa 2010 : _b12 Eylül 2010 referandumundaki kabul edilmiş haliyle / _chazırlayan Prof. Dr. Enver Bozkurt. |
| 246 | 3 | 0 | _aT.C. Anayasası |
| 246 | 3 | 0 | _aT.C. Anayasası 2010 |
| 264 | 2 |
_aAnkara : _bAsil Yayın Dağıtım, _c[2010]. |
|
| 300 |
_a270 pages : _c12x8 cm. |
||
| 336 |
_atext _2rdacontent _btxt |
||
| 337 |
_aunmediated _2rdamedia _bn |
||
| 338 |
_avolume _2rdacarrier _bnc |
||
| 505 | _aBirinci Kısım: Genel Esaslar--İkinci Kısım: Temel Haklar ve Ödevler--Üçüncü Kısım: Cumhuriyetin Temel Organları--Dördüncü Kısım: Mâli ve Ekonomik Hükümler--Beşinci Kısım: Çeşitli Hükümler--Altıncı Kısım: Geçici Hükümler--Yedinci Kısım: Son Hükümler--Türkiye Cumhuriyeti Anayasısına İşlenemeyen Geçici Maddeler | ||
| 590 | _aDonated by Levent Kuşoğlu | ||
| 650 | 0 |
_938306 _aConstitutions _zTurkey |
|
| 650 | 0 |
_938301 _aAnayasalar _zTürkiye |
|
| 700 |
_aBozkurt, Enver _924493 |
||
| 942 |
_2lcc _cBK |
||